000 01999nam a2200277Ii 4500
008 221202s xx 000 0 und d
100 1 _aCorver, Norbert,
_eauthor
245 0 _aSyntax of Dutch :
_b Verbs and Verb Phrases. Volume 3
264 _bAmsterdam University Press
_c2016
300 _a1 online resource
336 _atext
_btxt
_2rdacontent
337 _acomputer
_bc
_2rdamedia
338 _aonline resource
_bcr
_2rdacarrier
490 _aComprehensive Grammar Resources
520 _aThe Syntax of Dutch aims at presenting a synthesis of the currently available syntactic knowledge of Dutch. It is primarily concerned with language description and not with linguistic theory, and provides support to all researchers interested in matters relating to the syntax of Dutch, including advanced students of language and linguistics. Syntax of Dutch: Verbs and Verb Phrases consists of three volumes. Volume 1 opens with a general introduction to verbs, including a review of various verb classifications and discussions on inflection, tense, mood, modality and aspect. This is followed by a comprehensive discussion of complementation (argument structure and verb frame alternations). Volume 2 continues the discussion of complementation, but is more specifically focused on clausal complements: the reader will find detailed discussions of finite and infinitival argument clauses, complex verb constructions and verb clustering. Volume 3 concludes with a description of adverbial modification and the overall structure of clauses in relation to, e.g., word order (verb placement, wh-movement. extraposition phenomena, scrambling, etc.).
653 _aDutch
653 _aSyntax
653 _aSyntax
653 _aVerbs
653 _aVerbs
700 1 _aBroekhuis, Hans
700 1 _aBroekhuis, Hans
700 1 _aCorver, Norbert
856 _uhttps://library.oapen.org/bitstream/20.500.12657/32155/1/614910.pdfhttp://library.oapen.org/handle/20.500.12657/32155
942 _cE-BOOK
999 _c65888
_d65888